Statistics for Noise Artists

Click here to take the quiz!

General Stats

  • This quiz has been taken 19 times
  • The average score is 6 of 24

Answer Stats

YearAlbumArtist% Correct
1996Pulse DemonMerzbow
72%
2012The SeerSwans
56%
1990Tokyo Anal DynamiteThe Gerogerigegege
44%
1996Inner Mind MystiqueMasonna
39%
2009Monoliths & DimensionsSunn O)))
39%
1982Psychopathia SexualisWhitehouse
39%
2003Wonderful RainbowLightning Bolt
33%
2011Bermuda DrainPrurient
33%
1998Super æBoredoms
28%
1992__________ 3Hanatarash
22%
1984King of NoiseHijokaidan
22%
2013FetchMelt-Banana
22%
2014Bestial BurdenPharmakon
22%
1999AlphavilleGovernment Alpha
17%
1994SystemischOval
17%
2004Burned MindWolf Eyes
17%
1993Amplified CrystalC.C.C.C.
11%
1995As Loud As PossibleIncapacitants
11%
2015Deviate from BalanceJohn Wiese
11%
2002Sheer Hellish MiasmaKevin Drumm
11%
1996Cacophony of A Thousand
Pleasures
Pain Jerk
11%
1986Maximum Lethal DoseKK Null
6%
2007My Mind Is Not Your MindTorturing Nurse
6%
1998World As WillZbigniew Karkowski
6%

Score Distribution

Percentile by Number Answered

Percent of People with Each Score

Your Score History

You have not taken this quiz